[Event "CUB-ch sf"]
[Site "Cuba"]
[Date "2000.??.??"]
[Round "?"]
[White "Diaz, Dagoberto"]
[Black "Paneque, Pedro"]
[Result "0-1"]
[WhiteElo "2149"]
[BlackElo "2302"]
[PlyCount "64"]
[EventDate "2000.??.??"]
[EventType "tourn"]
[EventRounds "12"]
[EventCountry "CUB"]
[SourceTitle "EXT 2001"]
[Source "ChessBase"]
[SourceDate "2000.11.22"]
[SourceVersion "1"]
[SourceVersionDate "2000.11.22"]
[SourceQuality "1"]

1. d4 e6 2. Nf3 c5 3. c3 Nc6 4. Bg5 Be7 5. h4 h6 6. Bf4 Qb6 7. Qd2 Nf6 8. e3 d5 9. Bd3 Bd7 10. dxc5 Bxc5 11. 0-0 0-0 12. b4 Be7 13. a3 Rac8 14. Qe2 Ne8 15. e4 dxe4 16. Qxe4 Nf6 17. Qe2 Nd5 18. Bd2 Rfd8 19. c4 Nd4 20. Qe4 Nxf3+ 21. Qxf3 Qd4 22. cxd5 Qxa1 23. dxe6 Bxe6 24. Qe4 g6 25. Bxh6 Qd4 26. Bc2 Bxh4 27. Be3 Qxe4 28. Bxe4 b6 29. Nd2 Rc3 30. Nf3 Bf6 31. Bc1 Rdc8 32. Bb2 Rxf3 0-1

[Event "Cienfuegos University"]
[Site "Cienfuegos"]
[Date "1998.??.??"]
[Round "11"]
[White "Gongora Reyes, Liuber"]
[Black "Paneque, Pedro"]
[Result "1/2-1/2"]
[WhiteElo "2270"]
[BlackElo "2355"]
[PlyCount "89"]
[EventDate "1998.??.??"]
[EventType "tourn"]
[EventRounds "13"]
[EventCountry "CUB"]
[SourceTitle "EXT 2001"]
[Source "ChessBase"]
[SourceDate "2000.11.22"]
[SourceVersion "1"]
[SourceVersionDate "2000.11.22"]
[SourceQuality "1"]

1. e4 c5 2. Nf3 e6 3. d4 cxd4 4. Nxd4 a6 5. Bd3 g6 6. b3 Bg7 7. Bb2 Qb6 8. c3 Ne7 9. Nd2 e5 10. N4f3 Qc7 11. 0-0 Nbc6 12. Nc4 b5 13. Ne3 d6 14. a4 Rb8 15. axb5 axb5 16. Qe2 b4 17. cxb4 0-0 18. b5 Nd4 19. Nxd4 exd4 20. Nc2 d5 21. Bxd4 dxe4 22. Bxe4 Bxd4 23. Nxd4 Qe5 24. Ra7 Qxd4 25. Rxe7 Qc5 26. Bc6 Be6 27. Rxe6 fxe6 28. Qxe6+ Kg7 29. Qc4 Rf5 30. g4 Rg5 31. Qxc5 Rxc5 32. Kg2 Rc3 33. Re1 Kf6 34. h4 h6 35. f3 Rxb3 36. Rd1 R8xb5 37. Rd6+ Kf7 38. Rd7+ Kg8 39. Bxb5 Rxb5 40. Ra7 Rb4 41. Kg3 Rc4 42. Re7 Rb4 43. Re4 Rb5 44. Kf4 Kf7 45. Rd4 1/2-1/2

[Event "Cienfuegos University"]
[Site "Cienfuegos"]
[Date "1998.??.??"]
[Round "8"]
[White "Paneque, Pedro"]
[Black "Fandino Reyes, Roquelina"]
[Result "1-0"]
[WhiteElo "2355"]
[BlackElo "2230"]
[PlyCount "47"]
[EventDate "1998.??.??"]
[EventType "tourn"]
[EventRounds "13"]
[EventCountry "CUB"]
[SourceTitle "EXT 2001"]
[Source "ChessBase"]
[SourceDate "2000.11.22"]
[SourceVersion "1"]
[SourceVersionDate "2000.11.22"]
[SourceQuality "1"]

1. d4 d5 2. Nf3 Nf6 3. e3 e6 4. Bd3 Be7 5. 0-0 0-0 6. b3 b6 7. Bb2 Ba6 8. c4 Bb7 9. Nbd2 c5 10. Rc1 Nc6 11. Qe2 Rc8 12. Rfd1 cxd4 13. exd4 Qc7 14. a3 Qb8 15. c5 bxc5 16. dxc5 a5 17. Ne5 Rfd8 18. Re1 d4 19. Nxf7 Kxf7 20. Qxe6+ Ke8 21. Bb5 Qc7 22. Ne4 Kf8 23. Bc4 Ne5 24. Nxf6 1-0

[Event "Capablanca Memorial Premier II 32nd"]
[Site "Cienfuegos"]
[Date "1997.??.??"]
[Round "2"]
[White "Lopez, C."]
[Black "Paneque, Pedro"]
[Result "1/2-1/2"]
[WhiteElo "2400"]
[BlackElo "2375"]
[PlyCount "26"]
[EventDate "1997.05.05"]
[EventType "tourn"]
[EventRounds "13"]
[EventCountry "CUB"]
[EventCategory "8"]
[SourceTitle "CBM 058 Extra"]
[Source "ChessBase"]
[SourceDate "1997.07.29"]
[SourceVersion "1"]
[SourceVersionDate "1997.07.29"]
[SourceQuality "1"]

1. e4 c6 2. d4 d5 3. exd5 cxd5 4. c4 Nf6 5. Nc3 e6 6. Nf3 Be7 7. cxd5 exd5 8. Bd3 0-0 9. h3 Nc6 10. a3 Be6 11. 0-0 Rc8 12. Be3 Re8 13. Ng5 Bd6 1/2-1/2

[Event "Adelquis Remon Memorial"]
[Site "Cuba"]
[Date "1997.??.??"]
[Round "?"]
[White "Paneque, Pedro"]
[Black "Blanco Fernandez, Alvaro"]
[Result "1/2-1/2"]
[WhiteElo "2345"]
[BlackElo "2335"]
[PlyCount "173"]
[EventDate "1997.11.??"]
[EventType "tourn"]
[EventRounds "11"]
[EventCountry "CUB"]
[EventCategory "4"]
[SourceTitle "EXT 2000"]
[Source "ChessBase"]
[SourceDate "1999.11.16"]
[SourceVersion "1"]
[SourceVersionDate "1999.11.16"]
[SourceQuality "1"]

1. c4 e6 2. Nf3 Nf6 3. g3 d5 4. b3 Be7 5. Bg2 0-0 6. 0-0 b6 7. Bb2 Bb7 8. e3 Nbd7 9. d4 a5 10. a4 Ne4 11. Na3 f5 12. Ne1 Rc8 13. Nd3 c6 14. Rc1 Bd6 15. Rc2 Qe7 16. Nb1 Ba6 17. Nc3 Nxc3 18. Rxc3 Nf6 19. Rc2 Rfd8 20. Qc1 Nd7 21. Rd1 Bb7 22. Qd2 Rf8 23. Rdc1 g5 24. f4 h6 25. c5 bxc5 26. Nxc5 Nxc5 27. dxc5 Bc7 28. Qd4 Kh7 29. Bf1 Rce8 30. Bd3 e5 31. fxe5 Bxe5 32. Qxe5 Qxe5 33. Bxe5 Rxe5 34. Re2 Kg7 35. b4 axb4 36. Rb1 Ra8 37. Rxb4 Ba6 38. Bxa6 Rxa6 39. Ra2 Ra5 40. Rb7+ Kf6 41. Rh7 Kg6 42. Rb7 Re6 43. Kf2 Kf6 44. h4 Ke5 45. Rf7 Ke4 46. h5 g4 47. Rb7 Ke5 48. Rf7 Ke4 49. Rd7 Ke5 50. Ke2 Ke4 51. Rd6 Rxd6 52. cxd6 Ke5 53. d7 Ra8 54. Rb2 Kd6 55. Kd3 Kxd7 56. Rb7+ Kd6 57. Rh7 c5 58. Rxh6+ Ke5 59. Rh7 Rxa4 60. Re7+ Kd6 61. Rf7 Ke6 62. Rc7 Ra3+ 63. Kd2 Ra2+ 64. Kc3 Ra3+ 65. Kd2 Ke5 66. Re7+ Kf6 67. Rd7 d4 68. h6 Rxe3 69. h7 Re8 70. Rc7 Rh8 71. Kd3 Kg6 72. Rxc5 Rxh7 73. Kxd4 Re7 74. Rc3 Kg5 75. Ra3 Re1 76. Rb3 Rf1 77. Ra3 Re1 78. Rb3 Re4+ 79. Kd5 Ra4 80. Ke6 Ra1 81. Rb8 Rf1 82. Rg8+ Kh6 83. Kf6 Kh7 84. Rg5 Rf3 85. Rxf5 Rxg3 86. Rh5+ Kg8 87. Rg5+ 1/2-1/2

[Event "Union de Reyes"]
[Site "Cuba"]
[Date "1997.??.??"]
[Round "?"]
[White "Paneque, Pedro"]
[Black "Gonzalez, Renier"]
[Result "0-1"]
[WhiteElo "2375"]
[BlackElo "2385"]
[PlyCount "74"]
[EventDate "1997.??.??"]
[EventType "tourn"]
[EventRounds "11"]
[EventCountry "CUB"]
[SourceTitle "EXT 1999"]
[Source "ChessBase"]
[SourceDate "1998.11.16"]
[SourceVersion "1"]
[SourceVersionDate "1998.11.16"]
[SourceQuality "1"]

1. c4 g6 2. g3 Bg7 3. Bg2 Nf6 4. Nc3 0-0 5. e3 d6 6. Nge2 e5 7. 0-0 c6 8. d4 Re8 9. b3 e4 10. Ba3 d5 11. Nf4 Bg4 12. Qd2 g5 13. Nfe2 Qd7 14. f3 exf3 15. Bxf3 Bh3 16. Bg2 Bxg2 17. Kxg2 dxc4 18. bxc4 Qe6 19. Rxf6 Bxf6 20. e4 Qxc4 21. e5 Bg7 22. Qxg5 Nd7 23. Rf1 f6 24. exf6 Rxe2+ 25. Nxe2 Qxe2+ 26. Kg1 Nxf6 27. Rxf6 Qxa2 28. Bd6 Qa1+ 29. Kg2 Qb2+ 30. Kh3 Qxd4 31. Re6 Qd5 32. Qg4 Kh8 33. Re7 Rg8 34. Qd7 Qh5+ 35. Kg2 Bf6 36. Rf7 Qe2+ 37. Kh3 Qf1# 0-1

[Event "Ciego de Avila"]
[Site "Ciego de Avila"]
[Date "1997.??.??"]
[Round "7"]
[White "Paneque, Pedro"]
[Black "Perez Rodriguez, Luis Manuel"]
[Result "0-1"]
[WhiteElo "2345"]
[BlackElo "2290"]
[PlyCount "78"]
[EventDate "1997.09.??"]
[EventType "tourn"]
[EventRounds "13"]
[EventCountry "CUB"]
[EventCategory "3"]
[SourceTitle "CBM 060 Extra"]
[Source "ChessBase"]
[SourceDate "1997.11.04"]
[SourceVersion "1"]
[SourceVersionDate "1997.11.04"]
[SourceQuality "1"]

1. d4 d5 2. Nf3 c6 3. g3 Bg4 4. Bg2 Nf6 5. 0-0 e6 6. c4 Bd6 7. c5 Bc7 8. Qb3 b6 9. cxb6 axb6 10. Be3 0-0 11. Rc1 Nfd7 12. Na3 Kh8 13. Rc3 f5 14. Bg5 Qc8 15. Rac1 Qa6 16. Re3 f4 17. Bxf4 Bxf4 18. gxf4 Rxf4 19. Ng5 Nf8 20. f3 Bf5 21. Nf7+ Kg8 22. Ne5 Rxd4 23. Nxc6 Nxc6 24. Rxc6 Qa5 25. Rec3 Rb4 26. Qd1 Rxb2 27. Qd4 Rxe2 28. Bf1 e5 29. Qh4 Rxa2 30. Rc7 Rxa3 31. Rxg7+ Kxg7 32. Qg5+ Bg6 33. Rc7+ Kg8 34. Qxe5 Qc5+ 35. Rxc5 bxc5 36. Qxd5+ Bf7 37. Qg5+ Ng6 38. f4 Rf3 39. f5 Ra1 0-1

[Event "Adelquis Remon Memorial"]
[Site "Cuba"]
[Date "1997.??.??"]
[Round "?"]
[White "Pupo, Emilio"]
[Black "Paneque, Pedro"]
[Result "1/2-1/2"]
[WhiteElo "2400"]
[BlackElo "2345"]
[PlyCount "24"]
[EventDate "1997.11.??"]
[EventType "tourn"]
[EventRounds "11"]
[EventCountry "CUB"]
[EventCategory "4"]
[SourceTitle "EXT 2000"]
[Source "ChessBase"]
[SourceDate "1999.11.16"]
[SourceVersion "1"]
[SourceVersionDate "1999.11.16"]
[SourceQuality "1"]

1. Nf3 Nf6 2. c4 e6 3. Nc3 d5 4. d4 Be7 5. Bg5 0-0 6. e3 b6 7. Qc2 Bb7 8. cxd5 Nxd5 9. Bxe7 Qxe7 10. Be2 Nxc3 11. bxc3 Nd7 12. 0-0 c5 1/2-1/2

[Event "Capablanca Memorial-C"]
[Site "Cienfuegos"]
[Date "1996.??.??"]
[Round "4"]
[White "Blanco Fernandez, Alvaro"]
[Black "Paneque, Pedro"]
[Result "0-1"]
[WhiteElo "2415"]
[BlackElo "2370"]
[PlyCount "68"]
[EventDate "1996.05.??"]
[EventType "tourn"]
[EventRounds "13"]
[EventCountry "CUB"]
[EventCategory "5"]
[SourceTitle "CBM 052 Extra"]
[Source "ChessBase"]
[SourceDate "1996.07.01"]
[SourceVersion "1"]
[SourceVersionDate "1996.07.01"]
[SourceQuality "1"]

1. d4 e6 2. c4 f5 3. Nc3 Nf6 4. e3 Bb4 5. Bd2 0-0 6. Bd3 b6 7. Nge2 Bb7 8. f3 c5 9. Qc2 Nc6 10. a3 cxd4 11. exd4 Bd6 12. 0-0 Qe8 13. Nb5 Bb8 14. Bf4 Bxf4 15. Nxf4 Qb8 16. Ne2 a6 17. Nbc3 Qd6 18. d5 Ne5 19. Rad1 Rac8 20. dxe6 dxe6 21. b4 Qc7 22. Nd4 Nxd3 23. Qxd3 Rfd8 24. Qe3 Qxc4 25. Na4 e5 26. Nxf5 Rxd1 27. Rxd1 Qc2 28. Ne7+ Kf7 29. Re1 Kxe7 30. Qxe5+ Kf7 31. Qe7+ Kg6 32. Qxb7 Qd2 33. Rf1 Rc2 34. f4 Nd5 0-1

[Event "Capablanca Memorial-C"]
[Site "Cienfuegos"]
[Date "1996.??.??"]
[Round "7"]
[White "Paneque, Pedro"]
[Black "Moreno, Alejandro"]
[Result "1/2-1/2"]
[WhiteElo "2370"]
[BlackElo "2420"]
[PlyCount "22"]
[EventDate "1996.05.??"]
[EventType "tourn"]
[EventRounds "13"]
[EventCountry "CUB"]
[EventCategory "5"]
[SourceTitle "CBM 052 Extra"]
[Source "ChessBase"]
[SourceDate "1996.07.01"]
[SourceVersion "1"]
[SourceVersionDate "1996.07.01"]
[SourceQuality "1"]

1. e4 c5 2. Nf3 e6 3. d4 cxd4 4. Nxd4 Nc6 5. Nc3 Qc7 6. Be2 a6 7. 0-0 Nf6 8. Be3 Be7 9. Qd2 d6 10. Rad1 0-0 11. f4 Bd7 1/2-1/2

[Event "Capablanca Memorial-C"]
[Site "Cienfuegos"]
[Date "1996.??.??"]
[Round "1"]
[White "Paneque, Pedro"]
[Black "Perez Garcia, Rodney Oscar"]
[Result "1-0"]
[WhiteElo "2370"]
[BlackElo "2405"]
[PlyCount "53"]
[EventDate "1996.05.??"]
[EventType "tourn"]
[EventRounds "13"]
[EventCountry "CUB"]
[EventCategory "5"]
[SourceTitle "CBM 052 Extra"]
[Source "ChessBase"]
[SourceDate "1996.07.01"]
[SourceVersion "1"]
[SourceVersionDate "1996.07.01"]
[SourceQuality "1"]

1. c4 e5 2. Nc3 d6 3. g3 f5 4. Bg2 Nf6 5. d4 Be7 6. Nh3 0-0 7. 0-0 c6 8. b4 Qe8 9. Rb1 f4 10. gxf4 Qh5 11. fxe5 dxe5 12. e4 Bg4 13. Qd3 Bxh3 14. Bxh3 exd4 15. Ne2 Ng4 16. Nf4 Ne5 17. Qg3 Qf3 18. Ne6 Rf7 19. Bf4 Bf6 20. Bxe5 Bxe5 21. Qxf3 Rxf3 22. Bg4 Rf6 23. f4 Rg6 24. h3 h5 25. fxe5 hxg4 26. Nc7 gxh3+ 27. Kh2 1-0

[Event "Union de Reyes"]
[Site "Havana"]
[Date "1996.??.??"]
[Round "6"]
[White "Paneque, Pedro"]
[Black "Perez Garcia, Rodney Oscar"]
[Result "1/2-1/2"]
[WhiteElo "2370"]
[BlackElo "2405"]
[PlyCount "68"]
[EventDate "1996.??.??"]
[EventType "tourn"]
[EventRounds "11"]
[EventCountry "CUB"]
[EventCategory "3"]
[SourceTitle "EXT 1998"]
[Source "ChessBase"]
[SourceDate "1997.11.17"]
[SourceVersion "1"]
[SourceVersionDate "1997.11.17"]
[SourceQuality "1"]

1. c4 Nf6 2. g3 e6 3. Nf3 d5 4. b3 Be7 5. Bg2 0-0 6. 0-0 b6 7. Bb2 Bb7 8. e3 c5 9. Nc3 Nc6 10. d3 dxc4 11. bxc4 Rc8 12. Qe2 Rc7 13. Rfd1 Qa8 14. Rd2 Rd8 15. Rad1 Rcd7 16. Ne1 Ne8 17. Ne4 Nb4 18. f3 a6 19. a3 Nc6 20. Rc2 Nd6 21. Nf2 Nf5 22. Bh3 b5 23. Ne4 bxc4 24. Rxc4 Nd6 25. Nxd6 Bxd6 26. f4 Rc7 27. Qc2 Bf8 28. Rb1 Qa7 29. Bc3 Ba8 30. Bg2 Rb8 31. Nf3 Rxb1+ 32. Qxb1 Ne7 33. Be5 Rc8 34. Qc1 Bd5 1/2-1/2